Ładuje się......
Tribal peasantry
| 1. autor: | |
|---|---|
| Format: | Printed Book |
| Język: | Undetermined |
| Wydane: |
Inter India publications
1984
NewDelhi |
| Hasła przedmiotowe: |
| LEADER | 00594nam a2200217Ia 4500 | ||
|---|---|---|---|
| 008 | 141122s9999 xx 000 0 und d | ||
| 040 | |c . | ||
| 041 | |a English | ||
| 082 | |a 307.772 | ||
| 082 | |b JAG/TR | ||
| 100 | |a Jaganath pathy | ||
| 245 | |a Tribal peasantry | ||
| 245 | |c Jaganath pathy | ||
| 260 | |b Inter India publications | ||
| 260 | |b NewDelhi | ||
| 260 | |c 1984 | ||
| 300 | |a 229 Pages | ||
| 650 | |a Extension | ||
| 942 | |c BK | ||
| 999 | |c 20063 |d 20063 | ||
| 952 | |0 0 |1 0 |4 0 |6 307_772000000000000_JAGTR |7 0 |9 19716 |a COVAS |b COVAS |d 0000-00-00 |o 307.772 JAG/TR |p 13359 |r 2014-11-26 |w 2014-11-26 |y BK | ||